[Event "Hamburg ch"]
[Site "?"]
[Date "1997.??.??"]
[Round "7"]
[White "Wendt, JD."]
[Black "Fries Nielsen, JO."]
[Result "0-1"]
[WhiteElo "2285"]
[BlackElo "2415"]
[PlyCount "60"]
[EventDate "1997.??.??"]

1. Nf3 d5 2. d4 Nc6 3. g3 Bf5 4. Bg2 Nb4 5. Na3 c6 6. O-O e6 7. c3 Na6 8. Qb3
Qb6 9. Re1 Be7 10. Bf4 h6 11. Nd2 Nf6 12. f3 Bh7 13. Be3 O-O 14. Bf2 e5 15.
Qxb6 axb6 16. Nab1 exd4 17. Bxd4 Nc5 18. c4 Rfd8 19. Nc3 dxc4 20. Bxf6 Bxf6 21.
Nxc4 Bxc3 22. bxc3 b5 23. Ne3 Ra3 24. Red1 Rxd1+ 25. Rxd1 g5 26. Ng4 Kg7 27.
Rd2 Rxc3 28. Rb2 h5 29. Ne5 Rc1+ 30. Kf2 f6 0-1

[Event "Hamburg ch"]
[Site "?"]
[Date "1997.??.??"]
[Round "7"]
[White "Buhr, CC."]
[Black "Berg, K."]
[Result "1-0"]
[WhiteElo "2290"]
[BlackElo "2410"]
[PlyCount "69"]
[EventDate "1997.??.??"]

1. c4 e5 2. Nc3 Bb4 3. Qb3 Bxc3 4. Qxc3 Nc6 5. b4 d6 6. d3 Be6 7. b5 Nce7 8. g3
Nf6 9. Bg2 Qc8 10. Bb2 O-O 11. h3 Nd7 12. Nf3 f6 13. a4 a6 14. Qc2 axb5 15.
axb5 Rxa1+ 16. Bxa1 c6 17. bxc6 bxc6 18. O-O Nc5 19. Kh2 Qa6 20. Bc3 Rb8 21.
Rb1 Rxb1 22. Qxb1 Qb7 23. Qb4 Kf7 24. Nd2 Ke8 25. Qa5 Qa6 26. Qc7 Qa3 27. Ba5
d5 28. cxd5 cxd5 29. Nb1 Qb2 30. Qxc5 Qxb1 31. Bb4 Ng6 32. Qc6+ Kf7 33. Bxd5
Nf8 34. Qc7+ Kg6 35. Bxf8 1-0

[Event "Hamburg ch"]
[Site "?"]
[Date "1997.??.??"]
[Round "7"]
[White "Bach, M."]
[Black "Hegeler, F."]
[Result "0-1"]
[WhiteElo "2305"]
[BlackElo "2310"]
[PlyCount "84"]
[EventDate "1997.??.??"]

1. d4 Nf6 2. c4 e6 3. Nf3 d5 4. Nc3 Be7 5. g3 O-O 6. Bg2 dxc4 7. O-O Nbd7 8. e4
c5 9. e5 Nd5 10. Ne4 b5 11. dxc5 Nxc5 12. Nxc5 Bxc5 13. Ng5 Be7 14. Qg4 Rb8 15.
Rd1 Qc7 16. Re1 Qb6 17. Nxh7 Kxh7 18. Be4+ g6 19. Qh5+ Kg8 20. Qh6 Nf6 21. exf6
Bxf6 22. h4 Bg7 23. Qg5 Bb7 24. h5 Bxe4 25. Rxe4 Qd8 26. hxg6 Qxg5 27. Bxg5
Bxb2 28. Rb1 c3 29. Bc1 Bxc1 30. Rxc1 b4 31. gxf7+ Kxf7 32. Rf4+ Ke7 33. Rxf8
Kxf8 34. Kf1 a5 35. Ke2 Rd8 36. Rc2 Ke7 37. f3 Rh8 38. Kd3 Rh3 39. Rg2 Rh1 40.
Kc2 Ra1 41. Kb3 Rb1+ 42. Kc4 Rb2 0-1

[Event "Hamburg ch"]
[Site "?"]
[Date "1997.??.??"]
[Round "7"]
[White "Neffe, A."]
[Black "Reddmann, H."]
[Result "0-1"]
[WhiteElo "2230"]
[BlackElo "2305"]
[PlyCount "74"]
[EventDate "1997.??.??"]

1. e4 c5 2. Nf3 Nc6 3. Bb5 d6 4. O-O Bd7 5. c3 a6 6. Ba4 Nf6 7. Re1 b5 8. Bc2
e5 9. h3 Be7 10. d4 O-O 11. d5 Na7 12. Nxe5 dxe5 13. d6 Be6 14. dxe7 Qxe7 15.
Qf3 Nc6 16. Nd2 Rad8 17. Nf1 Ne8 18. Ne3 Nd6 19. Nd5 Qb7 20. Ne3 Ne7 21. Qg3 f6
22. Ng4 Kh8 23. f4 Bxg4 24. Qxg4 Nf7 25. Be3 exf4 26. Bxc5 Rd2 27. Rac1 Qc7 28.
b4 Re8 29. Red1 Red8 30. Bb3 Nh6 31. Qe6 f3 32. e5 Rxg2+ 33. Kf1 Nhf5 34. Bf2
Rxf2+ 35. Kxf2 Qa7+ 36. Kxf3 Qe3+ 37. Kg2 Nh4+ 0-1

[Event "Hamburg ch"]
[Site "?"]
[Date "1997.??.??"]
[Round "7"]
[White "Lindinger, M."]
[Black "Pajeken, W."]
[Result "1/2-1/2"]
[WhiteElo "2145"]
[BlackElo "2260"]
[PlyCount "28"]
[EventDate "1997.??.??"]

1. Nf3 g6 2. c4 Bg7 3. d4 Nf6 4. Nc3 O-O 5. e4 d6 6. Be2 e5 7. O-O exd4 8. Nxd4
Re8 9. f3 c6 10. Kh1 Na6 11. Bg5 h6 12. Bh4 g5 13. Bf2 Nc5 14. Qd2 a5 1/2-1/2

[Event "Hamburg ch"]
[Site "?"]
[Date "1997.??.??"]
[Round "7"]
[White "Gustafsson, J."]
[Black "Von Buelow, G."]
[Result "1/2-1/2"]
[WhiteElo "2355"]
[BlackElo "2290"]
[PlyCount "92"]
[EventDate "1997.??.??"]

1. d4 Nf6 2. c4 g6 3. Nc3 Bg7 4. e4 d6 5. Nf3 O-O 6. Be2 e5 7. O-O Nc6 8. dxe5
dxe5 9. Bg5 Qxd1 10. Rfxd1 Bg4 11. h3 Bxf3 12. Bxf3 Nd4 13. Nd5 Nxd5 14. cxd5
f5 15. Rac1 Rf7 16. Be3 Nxf3+ 17. gxf3 Bf8 18. Rc4 b6 19. Rdc1 Bd6 20. R1c2 Kf8
21. Bd2 a5 22. a3 Ke8 23. Rc6 Kd7 24. Be3 Ra7 25. Kg2 Rf8 26. R6c4 Raa8 27. Bd2
Ra7 28. b4 axb4 29. Bxb4 Bxb4 30. axb4 fxe4 31. fxe4 Rf4 32. f3 Rf6 33. Kg3 Kd8
34. R4c3 Rf7 35. Rb3 Rf6 36. Rc4 Ra4 37. Rcc3 Kd7 38. b5 Ra5 39. Rc4 Kd8 40.
Rc2 Ra1 41. Rbc3 Ra7 42. Rd3 Ra5 43. Rb3 Ra1 44. Rbc3 Ra7 45. Kf2 Kd7 46. Kg3
Kd8 1/2-1/2

[Event "Hamburg ch"]
[Site "?"]
[Date "1997.??.??"]
[Round "7"]
[White "Meyer, F."]
[Black "Ritscher, JP."]
[Result "1-0"]
[WhiteElo "2290"]
[BlackElo "2320"]
[PlyCount "83"]
[EventDate "1997.??.??"]

1. d4 d5 2. Bg5 c6 3. e3 g6 4. Nd2 Bg7 5. c3 Nf6 6. Be2 O-O 7. h4 h6 8. Bxf6
Bxf6 9. f4 Bg7 10. g4 f6 11. Qc2 Qe8 12. Nh3 e5 13. dxe5 fxe5 14. fxe5 Qxe5 15.
O-O-O Qxe3 16. Rde1 Qb6 17. Qxg6 c5 18. Qh5 Be6 19. Bf3 Rd8 20. Nf4 Bf7 21. Qf5
d4 22. Re7 Qf6 23. Qxf6 Bxf6 24. Rxb7 dxc3 25. bxc3 Bxc3 26. Ne4 Be5 27. Nh5
Bxh5 28. gxh5 Nd7 29. Rg1+ Kf7 30. Rg6 Rab8 31. Rxa7 Rb4 32. a3 Rd4 33. Kc2 Rh8
34. Nc3 Rd8 35. Rxh6 Rxh4 36. Bd5+ Kg7 37. Rg6+ Kh8 38. Ne4 Rh2+ 39. Kd3 Rxh5
40. Ng5 Bb8 41. Rxd7 c4+ 42. Kxc4 1-0

[Event "Hamburg ch"]
[Site "?"]
[Date "1997.??.??"]
[Round "7"]
[White "Bathke, J."]
[Black "Engelbert, C."]
[Result "1-0"]
[WhiteElo "2235"]
[BlackElo "2255"]
[PlyCount "120"]
[EventDate "1997.??.??"]

1. e4 g6 2. f4 Bg7 3. Nf3 d6 4. Bc4 Nf6 5. d3 d5 6. exd5 Nxd5 7. Ne5 O-O 8. Nc3
Nxc3 9. bxc3 Nd7 10. Qe2 c6 11. O-O Qb6+ 12. Kh1 Nxe5 13. fxe5 c5 14. Bg5 Qc7
15. Rae1 Be6 16. Bxe6 fxe6 17. Bf4 Rf5 18. g4 Rf7 19. Bg3 Qc6+ 20. Qg2 Qxg2+
21. Kxg2 Rxf1 22. Rxf1 Rd8 23. c4 Bh6 24. Bh4 Rd4 25. h3 Rd7 26. g5 Bg7 27. Bg3
b6 28. Kf3 Kf7 29. Ke3+ Ke8 30. c3 Rc7 31. Bf4 Rc8 32. Rc1 Kd7 33. d4 Kc6 34.
h4 Rh8 35. Ke4 Rd8 36. h5 gxh5 37. Rh1 Rh8 38. Rxh5 a6 39. d5+ Kd7 40. a4 Kc7
41. Rh2 Kd7 42. Rh1 Kc7 43. dxe6 Kc8 44. Rd1 Rd8 45. Rd5 Kc7 46. Rxd8 Kxd8 47.
Kf5 Ke8 48. g6 h6 49. Be3 Kf8 50. Bf2 Ke8 51. Bh4 Kf8 52. Bg3 Ke8 53. Bh4 Kf8
54. Bf6 h5 55. Bg5 h4 56. Bxh4 Bh6 57. Bg5 Bxg5 58. Kxg5 Kg7 59. Kh5 Kg8 60.
Kh6 Kh8 1-0

[Event "Hamburg ch"]
[Site "?"]
[Date "1997.??.??"]
[Round "7"]
[White "Trisic, A."]
[Black "Lamprecht, F."]
[Result "0-1"]
[WhiteElo "2245"]
[BlackElo "2400"]
[PlyCount "88"]
[EventDate "1997.??.??"]

1. e4 e6 2. d4 d5 3. Nc3 Nf6 4. Bg5 Bb4 5. exd5 Qxd5 6. Bxf6 Bxc3+ 7. bxc3 gxf6
8. Nf3 b6 9. Qd2 Bb7 10. c4 Qd6 11. Be2 Nd7 12. O-O-O Rg8 13. Rhg1 Qa3+ 14. Kb1
O-O-O 15. Qe3 Qb4+ 16. Ka1 c5 17. Rb1 cxd4 18. Nxd4 Qc5 19. Rb5 Qe7 20. Rgb1
Nc5 21. Nb3 Nxb3+ 22. R1xb3 Rg5 23. c5 Re5 24. Qc3 Rxc5 25. Rxc5+ Qxc5 26. Qxf6
Qd4+ 27. Rc3+ Kb8 28. Qxd4 Rxd4 29. Bf3 Ba6 30. Kb2 Rd2 31. Ra3 Bb5 32. Rb3 Bf1
33. Rb4 Rxf2 34. Rg4 Bd3 35. Rg8+ Kc7 36. Kc3 Bg6 37. Ra8 Rxc2+ 38. Kb3 a5 39.
Ra7+ Kd8 40. Rb7 Rc1 41. a4 e5 42. Be2 Rc6 43. g4 Bc2+ 44. Ka3 Be4 0-1

[Event "Hamburg ch"]
[Site "?"]
[Date "1997.??.??"]
[Round "7"]
[White "Rakow, T."]
[Black "Maahs, E."]
[Result "0-1"]
[WhiteElo "2500"]
[BlackElo "2235"]
[PlyCount "62"]
[EventDate "1997.??.??"]

1. Nf3 Nc6 2. c4 e5 3. Nc3 Nf6 4. g3 Bc5 5. d3 h6 6. Bg2 d6 7. O-O O-O 8. Nd2
Bg4 9. h3 Be6 10. Kh2 Qd7 11. Rb1 a5 12. a3 d5 13. cxd5 Nxd5 14. Nxd5 Bxd5 15.
Bxd5 Qxd5 16. Qb3 Qd7 17. Ne4 Bb6 18. Qc4 Nd4 19. Nc3 a4 20. Nd5 Nxe2 21. Qe4
Nd4 22. Kg2 Ra5 23. Nxb6 cxb6 24. Bd2 f5 25. Qe3 Qd5+ 26. f3 Rc5 27. Rbc1 Rf6
28. Bc3 f4 29. Qe4 Qxe4 30. dxe4 Ne2 31. Rcd1 Nxc3 0-1

[Event "Hamburg ch"]
[Site "?"]
[Date "1997.??.??"]
[Round "7"]
[White "Schueler, W."]
[Black "Kues, H."]
[Result "0-1"]
[WhiteElo "2190"]
[BlackElo "2205"]
[PlyCount "68"]
[EventDate "1997.??.??"]

1. Nf3 Nf6 2. g3 d5 3. Bg2 c6 4. O-O Bf5 5. d3 e6 6. Bg5 Be7 7. Nbd2 h6 8. Bxf6
Bxf6 9. e4 Bh7 10. e5 Be7 11. Ne1 Qb6 12. Kh1 Nd7 13. f4 O-O-O 14. a4 g5 15. a5
Qc7 16. d4 Bg6 17. c4 gxf4 18. gxf4 Bf5 19. Qa4 dxc4 20. Qxc4 a6 21. Nc2 Rhg8
22. Ne3 Bg6 23. Rfc1 Nc5 24. Rc3 Qd7 25. dxc5 Qxd2 26. Bxc6 bxc6 27. Qxa6+ Kd7
28. Qb7+ Ke8 29. Qxc6+ Kf8 30. Nf1 Qxf4 31. Ng3 Rd2 32. Rg1 Qh4 33. Rg2 Rd1+
34. Rg1 Be4+ 0-1

[Event "Hamburg ch"]
[Site "?"]
[Date "1997.??.??"]
[Round "7"]
[White "Gara, A."]
[Black "Putzbach, G."]
[Result "0-1"]
[WhiteElo "2285"]
[BlackElo "2255"]
[PlyCount "80"]
[EventDate "1997.??.??"]

1. e4 e6 2. d4 d5 3. Nd2 Nf6 4. e5 Nfd7 5. Bd3 c5 6. c3 Nc6 7. Ne2 cxd4 8. cxd4
f6 9. exf6 Nxf6 10. O-O Bd6 11. Nf3 Qc7 12. g3 O-O 13. Bf4 Nh5 14. Bxd6 Qxd6
15. Ng5 h6 16. Nc3 Nf6 17. Nf3 Qb4 18. a3 Qb6 19. Na4 Qd8 20. Rc1 Ne4 21. Nc5
Rxf3 22. Qxf3 Nd2 23. Qh5 Nxf1 24. Rxf1 Nxd4 25. Qg6 e5 26. Rd1 Qe7 27. Bb1 b6
28. Na4 Bb7 29. f4 exf4 30. Qh7+ Kf8 31. Qd3 Ne6 32. Re1 Qf6 33. Rf1 d4 34. Ba2
Ng5 35. gxf4 Ne4 36. Rf3 Rc8 37. Kf1 Rc1+ 38. Ke2 Qh4 39. Rg3 Qxh2+ 40. Kf3
Nf6+ 0-1

[Event "Hamburg ch"]
[Site "?"]
[Date "1997.??.??"]
[Round "8"]
[White "Rogozenko, D."]
[Black "Fries Nielsen, JO."]
[Result "1-0"]
[WhiteElo "2530"]
[BlackElo "2415"]
[PlyCount "77"]
[EventDate "1997.??.??"]

1. d4 d5 2. c4 Nc6 3. cxd5 Qxd5 4. e3 e5 5. Nc3 Bb4 6. Bd2 Bxc3 7. bxc3 Nf6 8.
c4 Qd6 9. d5 Ne7 10. Qa4+ Bd7 11. Qb3 a5 12. Bd3 e4 13. Bc2 b5 14. cxb5 Nexd5
15. Ne2 Nb4 16. Nd4 O-O 17. a3 Nxc2+ 18. Qxc2 Rfe8 19. a4 Ng4 20. Rc1 Rac8 21.
Bxa5 Ne5 22. O-O c5 23. bxc6 Nxc6 24. Nxc6 Rxc6 25. Qd1 Qd3 26. Ra1 Ra8 27. Qh5
g6 28. Qg5 f6 29. Qh6 Rd6 30. Bb4 Rd5 31. a5 Bb5 32. Rfc1 Rh5 33. Qf4 Rf5 34.
Qc7 Qe2 35. Rc2 Qd3 36. Rd2 Qc4 37. Rd8+ Rxd8 38. Qxd8+ Kg7 39. Qf8# 1-0

[Event "Hamburg ch"]
[Site "?"]
[Date "1997.??.??"]
[Round "8"]
[White "Buhr, CC."]
[Black "Murdzia, P."]
[Result "1-0"]
[WhiteElo "2290"]
[BlackElo "2425"]
[PlyCount "77"]
[EventDate "1997.??.??"]

1. Nf3 Nf6 2. c4 e6 3. g3 b6 4. d4 Bb7 5. Bg2 Be7 6. O-O O-O 7. Nc3 Na6 8. a3
c5 9. d5 d6 10. e4 Nc7 11. Re1 Re8 12. dxe6 Nxe6 13. Nd5 a6 14. Bd2 b5 15. Bc3
Bxd5 16. cxd5 Nc7 17. b4 Bf8 18. Qc2 Nd7 19. Rad1 g6 20. e5 cxb4 21. axb4 Nb6
22. Qb3 Nc4 23. exd6 Qxd6 24. Rxe8 Rxe8 25. Nd2 Nxd2 26. Bxd2 Bg7 27. Be3 Bf6
28. Rc1 Qd7 29. Bc5 Rc8 30. Qf3 Bg7 31. d6 Ne8 32. Qb7 Qxb7 33. Bxb7 Rd8 34.
Rd1 Be5 35. d7 Nf6 36. Be7 Bc7 37. Bxd8 Bxd8 38. Bxa6 Kf8 39. Bxb5 1-0

[Event "Hamburg ch"]
[Site "?"]
[Date "1997.??.??"]
[Round "8"]
[White "Hegeler, F."]
[Black "Heinemann, T."]
[Result "1/2-1/2"]
[WhiteElo "2310"]
[BlackElo "2425"]
[PlyCount "58"]
[EventDate "1997.??.??"]

1. Nf3 Nf6 2. c4 g6 3. Nc3 c5 4. d4 cxd4 5. Nxd4 Nc6 6. Nc2 Bg7 7. e4 d6 8. Be2
O-O 9. O-O Bd7 10. Bd2 a6 11. Kh1 Qb8 12. f3 Rc8 13. Ne3 e6 14. Be1 Ne8 15. a4
Nd4 16. Bd3 b5 17. axb5 axb5 18. Rxa8 Qxa8 19. cxb5 Qb8 20. Nc4 Nxb5 21. Nxb5
Bxb5 22. b3 Qa7 23. Bg3 Qa6 24. Qe2 d5 25. exd5 exd5 26. Ne5 Bxd3 27. Qxd3 Qxd3
28. Nxd3 Rc3 29. Nf4 Rxb3 1/2-1/2

[Event "Hamburg ch"]
[Site "?"]
[Date "1997.??.??"]
[Round "8"]
[White "Meyer, F."]
[Black "Lindinger, M."]
[Result "1-0"]
[WhiteElo "2290"]
[BlackElo "2145"]
[PlyCount "47"]
[EventDate "1997.??.??"]

1. e4 Nf6 2. d3 Nc6 3. f4 e5 4. Nf3 d5 5. Nxe5 dxe4 6. Nxc6 bxc6 7. Nc3 Bb4 8.
Bd2 e3 9. Bxe3 O-O 10. Be2 Re8 11. Kf2 Qe7 12. Bd4 Bc5 13. Bxc5 Qxc5+ 14. d4
Qf5 15. Qd2 Rxe2+ 16. Kxe2 Ba6+ 17. Kf2 c5 18. Rhe1 cxd4 19. Qxd4 Qxc2+ 20. Kg1
h6 21. Qf2 Qg6 22. Rad1 Ng4 23. Qc5 Bb7 24. Rd2 1-0

[Event "Hamburg ch"]
[Site "?"]
[Date "1997.??.??"]
[Round "8"]
[White "Pajeken, W."]
[Black "Bathke, J."]
[Result "1-0"]
[WhiteElo "2260"]
[BlackElo "2235"]
[PlyCount "116"]
[EventDate "1997.??.??"]

1. Nf3 Nf6 2. c4 c5 3. g3 g6 4. Bg2 Bg7 5. O-O O-O 6. Nc3 Nc6 7. d4 cxd4 8.
Nxd4 d6 9. Nxc6 bxc6 10. Bxc6 Bh3 11. Bxa8 Qxa8 12. f3 Bxf1 13. Kxf1 Rc8 14.
Qd3 Qc6 15. Be3 a6 16. Rc1 Qd7 17. Kg2 Qb7 18. b3 Ng4 19. Bg1 Ne5 20. Qe4 Nc6
21. Na4 e6 22. Rd1 Qb4 23. Qd3 Qa3 24. Rd2 Bf8 25. Qb1 Ne5 26. Qd1 Qb4 27. Rc2
Qb7 28. Qd4 Rc6 29. Qa7 Qb4 30. Qd4 Bg7 31. Qd2 Qb7 32. Bd4 Qc7 33. Qe3 Qa5 34.
Qc3 Nxc4 35. Bxg7 Ne3+ 36. Qxe3 Rxc2 37. Bc3 Qb5 38. Kf2 Rxa2 39. Bf6 Rc2 40.
Nc3 Qf5 41. Qe4 Rxe2+ 42. Nxe2 Qxf6 43. Qc6 Qb2 44. Qxa6 Qxb3 45. Qxd6 Qb1 46.
Kg2 h5 47. Qd2 Qb7 48. Qd8+ Kg7 49. Qd4+ f6 50. Qe4 Qf7 51. f4 Qd7 52. Nd4 Kf7
53. Nf3 Qd1 54. Nd4 Qd2+ 55. Kh3 Qf2 56. Qxe6+ Kg7 57. Qe7+ Kh6 58. Qf8+ Kh7
1-0

[Event "Hamburg ch"]
[Site "?"]
[Date "1997.??.??"]
[Round "8"]
[White "Von Buelow, G."]
[Black "Breyther, R."]
[Result "1/2-1/2"]
[WhiteElo "2290"]
[BlackElo "2415"]
[PlyCount "54"]
[EventDate "1997.??.??"]

1. Nf3 Nf6 2. c4 e6 3. Nc3 Bb4 4. Qc2 O-O 5. a3 Bxc3 6. Qxc3 b6 7. g3 Bb7 8.
Bg2 d6 9. b4 Nbd7 10. Bb2 Qe7 11. O-O c5 12. d3 Rfc8 13. b5 d5 14. e3 Qf8 15.
a4 a5 16. Rae1 Rd8 17. Qc2 Qe7 18. e4 dxe4 19. dxe4 Ne8 20. Rd1 f6 21. e5 f5
22. Rd2 Be4 23. Qc3 Nf8 24. Rfd1 Rxd2 25. Rxd2 Rd8 26. Ne1 Bxg2 27. Kxg2 Rxd2
1/2-1/2

[Event "Hamburg ch"]
[Site "?"]
[Date "1997.??.??"]
[Round "8"]
[White "Berg, K."]
[Black "Bach, M."]
[Result "0-1"]
[WhiteElo "2410"]
[BlackElo "2305"]
[PlyCount "58"]
[EventDate "1997.??.??"]

1. d4 d5 2. c4 e6 3. Nc3 c5 4. e3 Nc6 5. Nf3 Nf6 6. cxd5 exd5 7. Be2 Bd6 8.
dxc5 Bxc5 9. O-O O-O 10. a3 Bg4 11. b4 Bd6 12. Bb2 Rc8 13. Rc1 Bb8 14. Na4 Qd6
15. g3 a5 16. b5 Ne7 17. Qd3 Bf5 18. Qd4 Bc2 19. Nb6 Nf5 20. Qd2 Qxb6 21. Bxf6
Be4 22. Bd4 Qg6 23. Ne5 Qg5 24. f4 Qe7 25. Rxc8 Rxc8 26. Rc1 Re8 27. Qxa5 Nxd4
28. exd4 f6 29. Ng4 Bf5 0-1

[Event "Hamburg ch"]
[Site "?"]
[Date "1997.??.??"]
[Round "8"]
[White "Lamprecht, F."]
[Black "Neffe, A."]
[Result "1-0"]
[WhiteElo "2400"]
[BlackElo "2230"]
[PlyCount "97"]
[EventDate "1997.??.??"]

1. d4 Nf6 2. c4 e6 3. Nc3 Bb4 4. Qc2 c5 5. dxc5 O-O 6. Nf3 Na6 7. a3 Bxc5 8. b4
Be7 9. e4 d6 10. Bd3 Nc7 11. O-O e5 12. h3 Ne6 13. Rd1 Bd7 14. Be3 g6 15. Bf1
Qc7 16. Qd2 Bc6 17. Qd3 b6 18. Nd5 Bxd5 19. cxd5 Nf4 20. Bxf4 exf4 21. Rac1 Qb7
22. Rc6 Rfe8 23. Rdc1 Bd8 24. Nd2 Qd7 25. Qf3 g5 26. Ba6 h5 27. Bc8 Qe7 28. Bf5
Kg7 29. h4 gxh4 30. Qxf4 Ng4 31. Bxg4 hxg4 32. Qxg4+ Qg5 33. Qxg5+ Bxg5 34.
R1c2 Bf4 35. Kf1 b5 36. Ra6 Bxd2 37. Rxd2 Rxe4 38. f3 Rf4 39. Rd3 Rf6 40. Rd4
h3 41. gxh3 Rxf3+ 42. Kg2 Rc3 43. Rxd6 a5 44. Rg4+ Kf8 45. Rh6 Ke7 46. Re4+ Kd7
47. Rf4 axb4 48. Rxf7+ Ke8 49. Rb7 1-0

[Event "Hamburg ch"]
[Site "?"]
[Date "1997.??.??"]
[Round "8"]
[White "Dankert, P."]
[Black "Gustafsson, J."]
[Result "0-1"]
[WhiteElo "2305"]
[BlackElo "2355"]
[PlyCount "64"]
[EventDate "1997.??.??"]

1. e4 c5 2. Nf3 Nc6 3. Bb5 g6 4. O-O Bg7 5. Re1 Nf6 6. e5 Nd5 7. Nc3 Nc7 8.
Bxc6 dxc6 9. h3 O-O 10. b3 b6 11. Bb2 Ne6 12. d3 Nd4 13. Ne4 f5 14. exf6 exf6
15. Nxd4 cxd4 16. Bc1 f5 17. Ng5 Qd6 18. Qf3 h6 19. Bf4 Qf6 20. Be5 Qxg5 21.
Qxc6 Bxe5 22. Qxa8 Bf6 23. Qc6 f4 24. Re8 Qf5 25. Rae1 Bd7 26. Qc4+ Kg7 27.
R1e7+ Bxe7 28. Rxe7+ Rf7 29. Qxd4+ Kh7 30. Re5 Qf6 31. Qe4 f3 32. g3 Kg7 0-1

[Event "Hamburg ch"]
[Site "?"]
[Date "1997.??.??"]
[Round "8"]
[White "Maahs, E."]
[Black "Wendt, JD."]
[Result "1-0"]
[WhiteElo "2235"]
[BlackElo "2285"]
[PlyCount "73"]
[EventDate "1997.??.??"]

1. e4 c5 2. Nc3 Nc6 3. f4 g6 4. Nf3 Bg7 5. Bb5 Nd4 6. O-O Nxb5 7. Nxb5 d5 8. e5
Bg4 9. d4 a6 10. Nc3 cxd4 11. Qxd4 Bxf3 12. Rxf3 e6 13. f5 gxf5 14. Rg3 Bf8 15.
Bg5 Be7 16. Be3 Rc8 17. Rd1 Rc4 18. Qd2 Qc7 19. Kh1 Bb4 20. Bd4 Ne7 21. Qh6 Nc6
22. Qg7 Rf8 23. Bg1 Qxe5 24. Qh6 d4 25. Qd2 Qc7 26. Qe2 b5 27. Nd5 Qe5 28. Qxe5
Nxe5 29. Nxb4 Rxb4 30. Bxd4 Nc6 31. Bf6 e5 32. c3 Rxb2 33. Rgd3 Nd4 34. cxd4 e4
35. Ra3 Kd7 36. d5 Ra8 37. Bxb2 1-0

[Event "Hamburg ch"]
[Site "?"]
[Date "1997.??.??"]
[Round "8"]
[White "Engelbert, C."]
[Black "Ritscher, JP."]
[Result "1-0"]
[WhiteElo "2255"]
[BlackElo "2320"]
[PlyCount "65"]
[EventDate "1997.??.??"]

1. e4 Nf6 2. e5 Nd5 3. d4 d6 4. c4 Nb6 5. exd6 exd6 6. Nc3 Nc6 7. h3 Bf5 8. Be3
Be7 9. Nf3 O-O 10. Be2 Bf6 11. O-O Re8 12. b3 d5 13. c5 Nc8 14. Nh2 g5 15. Qd2
h6 16. h4 gxh4 17. Ng4 Bxg4 18. Bxg4 N8e7 19. Rad1 Ng6 20. Bf3 Nce7 21. Bxh6 c6
22. Bg4 Kh7 23. Rfe1 Bxd4 24. Qxd4 Kxh6 25. Ne4 Rf8 26. Nd6 f5 27. Bh3 Qd7 28.
Rd3 b6 29. b4 a5 30. Rde3 Nc8 31. Re6 Nxd6 32. Rxd6 Qg7 33. Qxh4# 1-0

[Event "Hamburg ch"]
[Site "?"]
[Date "1997.??.??"]
[Round "8"]
[White "Trisic, A."]
[Black "Schueler, W."]
[Result "1-0"]
[WhiteElo "2245"]
[BlackElo "2190"]
[PlyCount "65"]
[EventDate "1997.??.??"]

1. e4 d6 2. d4 Nf6 3. Nc3 g6 4. Nf3 Bg7 5. Bc4 O-O 6. Bb3 Bg4 7. Be3 Nc6 8. h3
Bxf3 9. Qxf3 Nd7 10. O-O-O Na5 11. h4 Nxb3+ 12. axb3 e5 13. h5 exd4 14. Bxd4
Bxd4 15. Rxd4 Qg5+ 16. Kb1 Ne5 17. Qh3 Qg4 18. Qh2 g5 19. Nd5 Kh8 20. f3 Qd7
21. Qg3 h6 22. Ne3 Qe6 23. Rhd1 Nc6 24. Rd5 Ne7 25. Rxd6 cxd6 26. Rxd6 Nc6 27.
Rxe6 fxe6 28. Qc7 Rab8 29. Ng4 Rfc8 30. Qf7 Rd8 31. Qf6+ Kg8 32. Nxh6+ Kh7 33.
Qg6+ 1-0

[Event "Hamburg ch"]
[Site "?"]
[Date "1997.??.??"]
[Round "8"]
[White "Voigt, M."]
[Black "Gara, A."]
[Result "1-0"]
[WhiteElo "2235"]
[BlackElo "2285"]
[PlyCount "115"]
[EventDate "1997.??.??"]

1. d4 Nf6 2. Nf3 g6 3. c4 Bg7 4. Nc3 O-O 5. e3 d5 6. b3 c5 7. Be2 Nc6 8. O-O
Bg4 9. Ne5 Bxe2 10. Qxe2 cxd4 11. Nxc6 bxc6 12. exd4 dxc4 13. Qxc4 Ng4 14. Ne2
Qd6 15. Bf4 e5 16. dxe5 Nxe5 17. Qc2 Qe6 18. Rac1 Rad8 19. Rfd1 Rfe8 20. h3 h5
21. Be3 a5 22. Rxd8 Rxd8 23. Nd4 Qe7 24. Nxc6 Nxc6 25. Qxc6 Be5 26. g3 h4 27.
Qc5 Qf6 28. g4 Re8 29. Kg2 Kh7 30. Qxa5 Qe6 31. Rd1 Rc8 32. Qd5 Qf6 33. Qe4 Bc3
34. Rd7 Kg8 35. g5 Qc6 36. Qxc6 Rxc6 37. Bd4 Bxd4 38. Rxd4 Rc5 39. Rxh4 Rxg5+
40. Kf3 Kf8 41. a4 Ra5 42. Ke3 Ke7 43. Rd4 Ke6 44. Kd3 g5 45. h4 gxh4 46. Rg4
Rf5 47. Re4+ Kd6 48. f4 Ra5 49. Rc4 Ra8 50. Kc3 Ra7 51. Kb4 Rb7+ 52. Ka3 Kd5
53. a5 Ra7 54. Ka4 Ra8 55. Rc7 f5 56. b4 Ke4 57. b5 Kxf4 58. b6 1-0

[Event "Hamburg ch"]
[Site "?"]
[Date "1997.??.??"]
[Round "9"]
[White "Heinemann, T."]
[Black "Rogozenko, D."]
[Result "1-0"]
[WhiteElo "2425"]
[BlackElo "2530"]
[PlyCount "103"]
[EventDate "1997.??.??"]

1. e4 c5 2. Nf3 Nc6 3. d4 cxd4 4. Nxd4 Nf6 5. Nc3 e5 6. Ndb5 d6 7. Bg5 a6 8.
Na3 b5 9. Bxf6 gxf6 10. Nd5 Bg7 11. Bd3 Ne7 12. Nxe7 Qxe7 13. c3 f5 14. O-O O-O
15. Nc2 Bb7 16. exf5 d5 17. a4 Qg5 18. f4 exf4 19. Qf3 Be5 20. axb5 axb5 21.
Bxb5 Qxf5 22. Bd3 Qg5 23. Nd4 h6 24. Ne2 Rab8 25. Qf2 Bc8 26. Rab1 Bc7 27. Kh1
Bf5 28. Bxf5 Qxf5 29. Nxf4 Qxf4 30. Qxf4 Bxf4 31. Rxf4 Rfc8 32. Rff1 Rb3 33. h3
Rc5 34. Kh2 Rcb5 35. Rf5 Kg7 36. Rbf1 Rxb2 37. Rxf7+ Kg8 38. Rf8+ Kg7 39. R1f7+
Kg6 40. Rf3 Rb6 41. Rg3+ Kh7 42. Rf7+ Kh8 43. Rd7 Rd2 44. c4 d4 45. c5 Rb5 46.
c6 Rc2 47. c7 Rbc5 48. Rgg7 Re5 49. Rg4 h5 50. Rgxd4 Ree2 51. Rd8+ Kg7 52. c8=Q
1-0

[Event "Hamburg ch"]
[Site "?"]
[Date "1997.??.??"]
[Round "9"]
[White "Hegeler, F."]
[Black "Buhr, CC."]
[Result "1/2-1/2"]
[WhiteElo "2310"]
[BlackElo "2290"]
[PlyCount "70"]
[EventDate "1997.??.??"]

1. d4 Nf6 2. Nf3 e6 3. c4 c5 4. Nc3 cxd4 5. Nxd4 Nc6 6. Ndb5 d6 7. Bf4 e5 8.
Bg5 a6 9. Na3 Be6 10. Qd2 Be7 11. e3 O-O 12. Be2 Qa5 13. O-O Ne4 14. Nxe4 Qxd2
15. Nxd2 Bxg5 16. Ne4 Be7 17. Rfd1 Rfd8 18. Nc3 f5 19. Rd2 Rac8 20. Rad1 Nb4
21. g3 Rc7 22. Nc2 Nxc2 23. Rxc2 Rdc8 24. Nd5 Bxd5 25. Rxd5 Rc5 26. Rcd2 Kf7
27. b3 Ke6 28. f4 Rxd5 29. Rxd5 Bd8 30. e4 Bb6+ 31. Kg2 g6 32. Bf3 Rf8 33. fxe5
dxe5 34. c5 Bc7 35. b4 Ke7 1/2-1/2

[Event "Hamburg ch"]
[Site "?"]
[Date "1997.??.??"]
[Round "9"]
[White "Movsziszian, K."]
[Black "Pajeken, W."]
[Result "1-0"]
[WhiteElo "2490"]
[BlackElo "2260"]
[PlyCount "73"]
[EventDate "1997.??.??"]

1. g3 e5 2. Bg2 Nc6 3. c4 g6 4. Nc3 Bg7 5. Rb1 d6 6. b4 Bf5 7. d3 Qd7 8. b5 Nd8
9. e4 Be6 10. Nge2 Ne7 11. O-O O-O 12. Nd5 f5 13. Bg5 Nc8 14. Qc2 h6 15. Be3 c6
16. bxc6 bxc6 17. Ndc3 fxe4 18. Bxe4 Ne7 19. Qa4 Nf5 20. Bb6 Ne7 21. Qa6 Nf7
22. Be3 Nd8 23. d4 d5 24. Bg2 Bf5 25. Rb4 e4 26. Rbb1 g5 27. Rfc1 dxc4 28. Nxe4
Nd5 29. Qxc4 Kh8 30. Rb3 Nxe3 31. Rxe3 Rb8 32. Nc5 Qd6 33. Qa4 Bg4 34. d5 cxd5
35. Qxg4 d4 36. Rd3 Nf7 37. Nd7 1-0

[Event "Hamburg ch"]
[Site "?"]
[Date "1997.??.??"]
[Round "9"]
[White "Gustafsson, J."]
[Black "Lamprecht, F."]
[Result "1/2-1/2"]
[WhiteElo "2355"]
[BlackElo "2400"]
[PlyCount "62"]
[EventDate "1997.??.??"]

1. d4 Nf6 2. c4 e5 3. dxe5 Ng4 4. Nf3 Nc6 5. Bf4 Bb4+ 6. Nbd2 Qe7 7. e3 Ngxe5
8. Nxe5 Nxe5 9. Be2 O-O 10. O-O Ng6 11. Bg3 Bd6 12. Bxd6 Qxd6 13. Ne4 Qe7 14.
Nc3 d6 15. Nd5 Qd8 16. Qd4 c6 17. Nc3 Qe7 18. Rad1 Rd8 19. f4 f5 20. g3 Nh8 21.
Bf3 Nf7 22. Rfe1 Qc7 23. Kg2 Qb6 24. b3 Qxd4 25. Rxd4 Re8 26. Kf2 Be6 27. e4
Rad8 28. Red1 Kf8 29. R4d2 Bc8 30. Re1 Re7 31. Rde2 Rde8 1/2-1/2

[Event "Hamburg ch"]
[Site "?"]
[Date "1997.??.??"]
[Round "9"]
[White "Bach, M."]
[Black "Von Buelow, G."]
[Result "1-0"]
[WhiteElo "2305"]
[BlackElo "2290"]
[PlyCount "94"]
[EventDate "1997.??.??"]

1. d4 Nf6 2. c4 e6 3. Nc3 d5 4. Nf3 c6 5. g3 Nbd7 6. Bg2 dxc4 7. O-O Be7 8. e4
O-O 9. Bg5 h6 10. Be3 e5 11. Qe2 exd4 12. Bxd4 b5 13. e5 Nd5 14. e6 fxe6 15.
Qxe6+ Rf7 16. Qxc6 Nxc3 17. Qxa8 Ne2+ 18. Kh1 Nxd4 19. Nxd4 Nb6 20. Nc6 Qd2 21.
Nxe7+ Rxe7 22. Qb8 Kh7 23. Rad1 Qxb2 24. Rd8 Bf5 25. Rh8+ Kg6 26. g4 Bd3 27.
Re8 Qe2 28. Qd6+ Kf7 29. Rd8 Qe5 30. Rd1 Qxd6 31. Rxd6 Be2 32. R1d4 Bxg4 33.
Rf4+ Kg8 34. Bc6 Bh5 35. Bxb5 Bf7 36. Kg2 g5 37. Rff6 c3 38. Bd3 Bd5+ 39. Kg3
Be4 40. Bxe4 Rxe4 41. Rc6 Nc4 42. Rc8+ Kg7 43. Rfc6 Ne5 44. R8c7+ Kg8 45. f3
Ra4 46. Rxc3 Rxa2 47. Rb3 Nxf3 1-0